000 01607nam a2200265 a 4500
003 OSt
005 20250210113909.0
008 190726s2001 dr spa d
040 _aDO-SdBNP
_bspa
_cBNPHU
082 4 _a341.245
_bA696m 2001
_222
100 1 _aArias, Luis,
_q(Arias Núñez)
_99356
245 1 0 _aManual de derecho Internacional público Americano /
_cLuis Arias Núñez.
260 _aSanto Domingo :
_bCentenario,
_c2001.
300 _a283 p. ;
_c23 cm.
500 _aIncluye referencias bibliográficas y notas al pie de las páginas
505 0 _aConcepto generales del derecho internacional americano -- El regionalismo internacional -- Conceptos generales de las doctrinas latinoamericanas -- Sistemas doctrinal americano y la no intervención -- sistema doctrinal americano y el reconocimiento internacional -- Principios de derecho internacional en el sistema interamericano -- Sistema institucional en América -- La organización de Estados americanos -- El sistema de integración en América -- El asilo, concepto del asilo, el asilo exterior o fuera del territorio del país que lo concede -- Los derechos humanos en el sistema internacional -- Principios de derecho internacional en el sistema interamericano.
562 _a
590 _aInventariado, 2020/VM
600 1 0 _aArias, Luis,
_q(Arias Núñez)
_99356
610 2 0 _aOrganización de los Estados Americanos
_917918
650 4 _aDerecho internacional público
_zAmérica
_980257
651 4 _aAmérica
_xIntegración económica
_972208
910 _aVMateo/Validado. Control de calidad MFF
942 _2ddc
_cLBS1
999 _c49135
_d49135